000 00462nab a2200145Ia 4500
003 ES-SlBCS
005 20210601124327.0
008 140529s1997 xxu||||| |||| 00| 0 eng d
041 _aeng
100 1 _aBlits, Jan H.
_9139487
245 0 0 _aTocqueville on Democratic Education: The Problem of Public Passivity
_c Jan H. Blits
600 1 4 _aTocqueville, Alexis
_9139824
773 0 _tEducational Theory
_gvol. 47, nº. 1, 1997, págs. 15-30
_wRev1399
942 _cAR
999 _c513004
_d513004